000 00457cam a2200181ua 4500
001 10853
005 20260515114652.0
008 190409n ii |||gr||||Z||||||eng
020 _a9788183485913
040 _cMAIN
082 _a425
100 _aS C Gupta,
_eAuthor.
245 _aComprehensive english grammar and composition
_cBy S C Gupta
260 _aNew Delhi:
_bArihant publications.
300 _a618p.
653 _aEnglish grammar
942 _cBK
999 _c9801
_d9801